000 00640nam a2200253Ia 4500
003 OSt
005 20221007100420.0
006 a|||||r|||| 00| 0
007 ta
008 221006b |||||||| |||| 00| 0 eng d
024 _a4,375
037 _cTextual
040 _aLCO
_cLCO
_beng
041 _2eng
_aeng
082 _aX.1, L9
100 _aKREININ M E
_9701637
245 0 _aInternational economics
250 _a3
260 _aNew
_bYork Hascourt Brace Jovanovich
_c1979
300 _a464
650 _aINTERNATIONAL ECONOMIC
_9701638
942 _hX.1, L9
_cTEXL
999 _c1173938
_d1173938